Detalles MARC
| 000 -CABECERA |
| campo de control de longitud fija |
02141nam a2200349 4500 |
| 001 - NÚMERO DE CONTROL |
| campo de control |
114628 |
| 003 - IDENTIFICADOR DEL NÚMERO DE CONTROL |
| campo de control |
DR-UNIBE |
| 005 - FECHA Y HORA DE LA ÚLTIMA TRANSACCIÓN |
| campo de control |
20260518135828.0 |
| 008 - DATOS DE LONGITUD FIJA--INFORMACIÓN GENERAL |
| campo de control de longitud fija |
260508b2006 sp ||||| |||| 00| 1 spa d |
| 020 ## - NÚMERO INTERNACIONAL ESTÁNDAR DEL LIBRO |
| Número Internacional Estándar del Libro |
8497937783 |
| 020 ## - NÚMERO INTERNACIONAL ESTÁNDAR DEL LIBRO |
| Número Internacional Estándar del Libro |
9788497937788 |
| 040 ## - FUENTE DE LA CATALOGACIÓN |
| Centro catalogador/agencia de origen |
BIBLIOTECA UNIBE |
| Lengua de catalogación |
spa |
| Centro/agencia transcriptor |
BIBLIOTECA UNIBE |
| 041 ## - CÓDIGO DE LENGUA |
| Código de lengua del texto/banda sonora o título independiente |
spa |
| 082 ## - NÚMERO DE LA CLASIFICACIÓN DECIMAL DEWEY |
| Número de edición |
22 |
| Número de clasificación |
853.92 F187y |
| 100 1# - ENTRADA PRINCIPAL--NOMBRE DE PERSONA |
| 9 (RLIN) |
204638 |
| Nombre de persona |
Faletti, Giorgio, |
| Fechas asociadas al nombre |
1950-2014 |
| Término indicativo de función/relación |
autor |
| 240 10 - TÍTULO UNIFORME |
| Título uniforme |
Io uccido. |
| Lenguaje de la obra |
Spanish |
| 245 10 - MENCIÓN DE TÍTULO |
| Título |
Yo mato / |
| Mención de responsabilidad, etc. |
Giorgio Faletti |
| 250 ## - MENCIÓN DE EDICIÓN |
| Mención de edición |
Primera edición |
| 260 ## - PUBLICACIÓN, DISTRIBUCIÓN, ETC. |
| Lugar de publicación, distribución, etc. |
Barcelona : |
| Nombre del editor, distribuidor, etc. |
Debolsillo, |
| Fecha de publicación, distribución, etc. |
2006 |
| 300 ## - DESCRIPCIÓN FÍSICA |
| Extensión |
632 páginas ; |
| Dimensiones |
20 cm |
| 490 ## - MENCIÓN DE SERIE |
| Mención de serie |
Biblioteca Giorgio Faletti ; |
| Designación de volumen o secuencia |
637/1 |
| 500 ## - NOTA GENERAL |
| Nota general |
Título original: Io uccido |
| 520 3# - SUMARIO, ETC. |
| Sumario, etc. |
Un locutor de Radio Montercarlo recibe una noche durante su programa una llamada telefónica asombrosa: alguien revela que es un asesino. El hecho se pasa por alto, como una broma de pésimo gusto; sin embargo, al día siguiente un famoso piloto de fórmula uno y su novia aparecen en su barco, muertos y horrendamente mutilados. Se inicia así una serie de asesinatos, cada uno precedido de una llamada a Radio Montecarlo con una pista musical sobre la próxima víctima, cada uno subrayado por un mensaje escrito con sangre en el escenario del crimen, que es al mismo tiempo una firma y una provocación: «Yo mato». Para Frank Ottobre, agente del FBI, y Nicolas Hulot, comisario de la Sûreté monegasca, comienza la caza de un escurridizo fantasma que tiene aterrorizada a la opinión pública: nunca hubo un asesino en serie en el principado de Mónaco. Ahora lo hay, y de su búsqueda nadie va a salir indemne. Yo mato es un thriller pleno de acción e intriga, con un desarrollo narrativo tan maduro como absorbente. |
| 650 #7 - PUNTO DE ACCESO ADICIONAL DE MATERIA--TÉRMINO DE MATERIA |
| Fuente del encabezamiento o término |
lemb |
| Término de materia o nombre geográfico como elemento de entrada |
Novela italiana |
| 9 (RLIN) |
222 |
| 650 #7 - PUNTO DE ACCESO ADICIONAL DE MATERIA--TÉRMINO DE MATERIA |
| Fuente del encabezamiento o término |
lemb |
| Término de materia o nombre geográfico como elemento de entrada |
Novela de ciencia ficción italiana |
| 9 (RLIN) |
205002 |
| 650 #7 - PUNTO DE ACCESO ADICIONAL DE MATERIA--TÉRMINO DE MATERIA |
| Fuente del encabezamiento o término |
lemb |
| Término de materia o nombre geográfico como elemento de entrada |
Literatura italiana |
| 650 #0 - PUNTO DE ACCESO ADICIONAL DE MATERIA--TÉRMINO DE MATERIA |
| Término de materia o nombre geográfico como elemento de entrada |
Asesinos en serie |
| Subdivisión de forma |
Ficción |
| 9 (RLIN) |
205003 |
| 655 #7 - TÉRMINO DE INDIZACIÓN--GÉNERO/FORMA |
| Fuente del término |
lemb |
| Datos o término principal de género/forma |
Novela de ciencia ficción |
| 9 (RLIN) |
173994 |
| 655 #4 - TÉRMINO DE INDIZACIÓN--GÉNERO/FORMA |
| Datos o término principal de género/forma |
Crimen de ciencia ficción y misterio |
| 9 (RLIN) |
204627 |
| 700 1# - PUNTO DE ACCESO ADICIONAL--NOMBRE DE PERSONA |
| Nombre de persona |
Corgatelli, Rosa S. |
| Término indicativo de función/relación |
traductor |
| 9 (RLIN) |
147761 |
| 942 ## - ELEMENTOS DE PUNTO DE ACCESO ADICIONAL (KOHA) |
| Fuente del sistema de clasificación o colocación |
Sistema de Clasificación Decimal Dewey |
| Tipo de ítem Koha |
Libro (general) |